Mastering embedded linux programming : (Record no. 196225)
[ view plain ]
| 000 -LEADER | |
|---|---|
| fixed length control field | 00696nam a2200205Ia 4500 |
| 005 - DATE AND TIME OF LATEST TRANSACTION | |
| control field | 20220713112443.0 |
| 008 - FIXED-LENGTH DATA ELEMENTS--GENERAL INFORMATION | |
| fixed length control field | 210716s2017 xx 000 0 und d |
| 020 ## - INTERNATIONAL STANDARD BOOK NUMBER | |
| International Standard Book Number | 9781787283282 |
| 040 ## - CATALOGING SOURCE | |
| Transcribing agency | AIMIT LIBRARY |
| 041 ## - LANGUAGE CODE | |
| Language code of text/sound track or separate title | eng |
| 082 ## - DEWEY DECIMAL CLASSIFICATION NUMBER | |
| Classification number | 005.44 |
| Edition number | 2 |
| Item number | SIMC |
| 100 ## - MAIN ENTRY--PERSONAL NAME | |
| Personal name | Simmonds, Chris. |
| 9 (RLIN) | 48595 |
| 245 ## - TITLE STATEMENT | |
| Title | Mastering embedded linux programming : |
| Remainder of title | unleash the full potential of embedded linux / |
| Statement of responsibility, etc. | By Chris Simmonds. |
| 250 ## - EDITION STATEMENT | |
| Edition statement | 2nd ed. |
| 260 ## - PUBLICATION, DISTRIBUTION, ETC. | |
| Place of publication, distribution, etc. | Munbai : |
| Name of publisher, distributor, etc. | Packt Publishing Ltd. , |
| Date of publication, distribution, etc. | 2017 . |
| 300 ## - PHYSICAL DESCRIPTION | |
| Extent | xii, 447p. ; |
| Other physical details | PB |
| Dimensions | 23.5 cm. |
| 650 ## - SUBJECT ADDED ENTRY--TOPICAL TERM | |
| Topical term or geographic name entry element | Configuring and building the kernel |
| 9 (RLIN) | 48596 |
| 650 ## - SUBJECT ADDED ENTRY--TOPICAL TERM | |
| Topical term or geographic name entry element | Interfacing with device drivers |
| 9 (RLIN) | 48597 |
| 942 ## - ADDED ENTRY ELEMENTS (KOHA) | |
| Source of classification or shelving scheme | Dewey Decimal Classification |
| Koha item type | Book |
| Edition | 1st |
| Call number prefix | 005.44 SIMC |
| Withdrawn status | Lost status | Source of classification or shelving scheme | Damaged status | Not for loan | Collection code | Home library | Current library | Source of acquisition | Cost, normal purchase price | Inventory number | Total Checkouts | Full call number | Barcode | Date last seen | Cost, replacement price | Price effective from | Koha item type |
|---|---|---|---|---|---|---|---|---|---|---|---|---|---|---|---|---|---|
| Dewey Decimal Classification | MCA | St Aloysius Institute of Management & Information Technology | St Aloysius Institute of Management & Information Technology | Knowledge World | 1199.00 | Bill no:511; Bill dt:2018-03-05 | 005.44 SIMC | MCA15740 | 05/23/2026 | 935.22 | 07/16/2021 | Book | |||||
| Dewey Decimal Classification | MCA | St Aloysius Institute of Management & Information Technology | St Aloysius Institute of Management & Information Technology | Knowledge World | 1199.00 | Bill no:602; Bill dt:2019-01-24 | 005.44 SIMC | MCA16177 | 05/23/2026 | 899.25 | 07/16/2021 | Book |